Complete IELTS: (Record no. 5683)

MARC details
000 -LEADER
fixed length control field 01432nam a22002177a 4500
001 - CONTROL NUMBER
control field 5683
003 - CONTROL NUMBER IDENTIFIER
control field FISKH
005 - DATE AND TIME OF LATEST TRANSACTION
control field 20250113122740.0
008 - FIXED-LENGTH DATA ELEMENTS--GENERAL INFORMATION
fixed length control field 250113b cb ||||| |||| 00| 0 eng d
020 ## - INTERNATIONAL STANDARD BOOK NUMBER
International Standard Book Number 9780521185158
040 ## - CATALOGING SOURCE
Original cataloging agency FISKH
Language of cataloging eng
Transcribing agency FISKH
Modifying agency FISKH
082 ## - DEWEY DECIMAL CLASSIFICATION NUMBER
Classification number 428.0076
100 ## - MAIN ENTRY--PERSONAL NAME
Personal name Brook-Hart, Guy
245 ## - TITLE STATEMENT
Title Complete IELTS:
Remainder of title Bands 4-5 Teacher's Book /
Statement of responsibility, etc. by Guy Brook-Hart and Vanessa Jackenman with David Jay
250 ## - EDITION STATEMENT
Edition statement First published 2011, 2012
260 ## - PUBLICATION, DISTRIBUTION, ETC.
Place of publication, distribution, etc. Cambridge :
Name of publisher, distributor, etc. Cambridge University Press ;
Date of publication, distribution, etc. 2012.
300 ## - PHYSICAL DESCRIPTION
Extent 128 pages :
Other physical details illustrations ;
Dimensions 29 cm .
520 ## - SUMMARY, ETC.
Summary, etc. Complete IELTS combines the very best in contemporary classroom practice with stimulating topics aimed at young adults wanting to study at university. Complete IELTS Bands 4-5 prepares students for the IELTS test at B1 (foundation level). It is designed to introduce students to the critical thinking required for IELTS and provide strategies and skills to maximise their score. The information, practice and advice contained in the course ensure that they are fully prepared for all parts of the test. The Teacher's Book contains detailed teacher's notes with advice on classroom procedure as well as extra teaching ideas and answer keys. There are also extra photocopiable materials including class activities, progress tests and vocabulary extension wordlists.
700 ## - ADDED ENTRY--PERSONAL NAME
Personal name Jackenman, Vanessa
Relator term author
942 ## - ADDED ENTRY ELEMENTS (KOHA)
Source of classification or shelving scheme Dewey Decimal Classification
Koha item type Books
Suppress in OPAC No
Holdings
Withdrawn status Lost status Source of classification or shelving scheme Damaged status Not for loan Collection Home library Current library Shelving location Date acquired Total Checkouts Full call number Barcode Date last seen Price effective from Koha item type
    Dewey Decimal Classification     Non-Fiction Footprints International School Library Network Toul Kork Campus Footprints International School Library Network Toul Kork Campus TTP Secondary Non-Fiction Bookshelves 01/13/2025   BRO 428.0076 FISSE04423 01/13/2025 01/13/2025 Books